| 000 | 00653nam a2200181Ia 4500 | ||
|---|---|---|---|
| 008 | 100921s9999 xx 000 0 und d | ||
| 082 |
_b23904 _a891.463 थ 91 |
||
| 100 | _aरानडे जयंत. | ||
| 245 | _aहॉट सिक्रेट. | ||
| 260 |
_bमनमोहिनी प्रकाशन,पुणे. _c1991 |
||
| 300 |
_a181 _bभावे पुस्तक भांडार,पुणे |
||
| 365 | _b65 | ||
| 520 | _aललित-कादंबरी. | ||
| 630 | _aहॉट सिक्रेट. | ||
| 650 | _aललित-कादंबरी. | ||
| 730 | _aहॉट सिक्रेट. | ||
| 942 | _cBOOK | ||
| 999 |
_c773017 _d773014 |
||